Stop AIDS Mantenere la promessa

محفوظ في:
التفاصيل البيبلوغرافية
مؤلف مشترك: Ministero della Salute
التنسيق: كتاب
اللغة:الإنجليزية
الوسوم: إضافة وسم
لا توجد وسوم, كن أول من يضع وسما على هذه التسجيلة!

MARC

LEADER 00000nam a2200000 4500
005 20240724164215.0
008 240724b |||||||| |||| 00| 0 eng d
040 |c GP 
110 |a Ministero della Salute 
245 |a Stop AIDS  |b Mantenere la promessa 
942 |2 ddc  |c BK  |n 0 
952 |0 0  |1 0  |2 ddc  |4 0  |6 614_050000000000000_MIN  |7 1  |9 1687  |a RM  |b RM  |d 2024-07-24  |l 0  |o 614.05 MIN  |p 246  |r 2024-07-24 16:42:33  |w 2024-07-24  |y BK 
999 |c 1500  |d 1500